|
|
|
|
| LEADER |
00810cam a2200253 7i4500 |
| 001 |
0000036712 |
| 005 |
20211124090000.0 |
| 007 |
##ta |
| 008 |
211124s2012 xxk e 0 eng d |
| 020 |
# |
# |
|a 9781448209866
|
| 040 |
# |
# |
|a MATR
|
| 090 |
0 |
0 |
|a FI 823.92
|b THO
|
| 100 |
1 |
# |
|a Thompson, Georgie
|
| 245 |
1 |
4 |
|a The Twitter Diaries :
|b A TALE OF 2 CITIES, 1 FRIENDSHIP, 140 CHARACTERS
|c Georgie Thompson and Imogen Lloyd Webber.
|
| 264 |
# |
0 |
|a London:
|b Bloomsbury Reader,
|c 2012.
|
| 300 |
# |
# |
|a xvii, 380 pages;
|c 20 cm.
|
| 336 |
# |
# |
|a text
|2 rdacontent
|
| 337 |
# |
# |
|a unmediated
|2 rdamedia
|
| 338 |
# |
# |
|a volume
|2 rdacarrier
|
| 650 |
# |
0 |
|a English fiction
|
| 650 |
1 |
0 |
|a Twitter
|
| 650 |
0 |
0 |
|a Social networks --
|x Computer network resources
|
| 700 |
1 |
# |
|a Lloyd Webber, Imogen
|
| 999 |
|
|
|a F000000015
|b Book
|c Book
|e BICplus
|